000
00320nam a2200133Ia 4500
003
OSt
005
20240202121050.0
008
170524s9999 xx 000 0 und d
020
_a
, 0534938426
040
_c
IIMT UNIVERSITY MEERUT
100
_a
RAFIQUZZAMEN-M
245
0
_a
MODERN COMPUTER ARCHITECHTURE
942
_2
ddc
_c
02
999
_c
3912
_d
3912